000
00482nam a2200145Ia 4500
008
100204s9999 xx 000 0 und d
082
_b
11149
100
_a
अवचट काकासाहेब
245
_a
संस्कार सुगंध
260
_b
"सौभाग्य प्रकाशन , पुणे"
_c
19788
300
_a
115
630
_a
संस्कार सुगंध
730
_a
संस्कार सुगंध
942
_c
BOOK
999
_c
455585
_d
455582